LIBRARY & INFORMATION CENTRE, KCAET, TAVANUR

ONLINE PUBLIC ACCESS CATALOGUE (OPAC)

Normal view MARC view
  • Drury, F.E

Entry Personal Name

Number of records used in: 1

001 - CONTROL NUMBER

  • control field: 3279

003 - CONTROL NUMBER IDENTIFIER

  • control field: OSt

005 - DATE AND TIME OF LATEST TRANSACTION

  • control field: 20180823102703.0

008 - FIXED-LENGTH DATA ELEMENTS

  • fixed length control field: 180823|| aca||aabn | a|a d

040 ## - CATALOGING SOURCE

  • Original cataloging agency: OSt
  • Transcribing agency: OSt

100 ## - HEADING--PERSONAL NAME

  • Personal name: Drury, F.E

670 ## - SOURCE DATA FOUND

  • Source citation: Work cat.: (OSt): Drury, F.E, Building science 1, 1965
free website counter